Music Quiz

Random Music or Billboard Quiz

Songs That Hit Every Top Ten Position Quiz Stats

Quiz not verified by Sporcle

Also try: Pink Floyd Songs
Challenge
Share
Tweet
Embed
Score 0/8 Timer 02:00
0 Plays Today
Hint Answer % Correct
Savage GardenTruly Madly Deeply
91.7%
Justin BieberLove Yourself
66.7%
Jay Sean featuring Lil' WayneDown
58.3%
Jason DeRuloWhatcha Say
54.2%
T-Pain featuring Yung JocBuy U a Drank (Shawty Snappin')
45.8%
Al DexterPistol Packin' Mama
8.3%
Tommy DorseyThere Are Such Things
0%
Harry JamesI Had the Craziest Dream
0%

You're not logged in!

Compare scores with friends on all Sporcle quizzes.
Sign Up with Email
OR
Log In

You Might Also Like...

Show Comments

Extras

Top Quizzes Today


Score Distribution

Your Account Isn't Verified!

In order to create a playlist on Sporcle, you need to verify the email address you used during registration. Go to your Sporcle Settings to finish the process.

Report this User

Report this user for behavior that violates our Community Guidelines.

Details: